Datum a čas kvízu
35.5
Celkem bodů
Celkový počet nahraných bodů na tomto kvízu bez doplňovacích otázek.
6.
Pořadí na kvízu
Konečné umístění týmu na tomto kvízu.
Zaznamenané odpovědi
| # | Otázka | Odpověď | Body | Výsledky |
|---|---|---|---|---|
| 1. | Na televizi Barrandov bude k v... | Premiér | 1 | |
| 2. | Ze kterého zařízení/platformy... | z ponorky | 1 | |
| 3. | Do kin minulý týden vstoupilo... | Joker, Joaquin Phoenix | 1 | |
| 4. | Minulou středu byla odcizena č... | Mahátma Gándhí | 1 | |
| 5. | Kolik medailí získala česká vý... | 0 | 1 | |
| -14. | Plemena psů byla vyšlechtěna z... | vlk | 1 | |
| -13. | Na obrázku vidíte ovčáka, niko... | belgický | 0 | |
| -12. | Z Chorvatska pochází jedno z n... | dalmatin | 0 | |
| -11. | Mezinárodní kynologická federa... | chrt afghánský | 0 | |
| -10. | Jezevčíci se dělí dle druhu sr... | králičí | 0 |